Toutes les communes du canton de Clisson (44) - Statistiques

Statistiques générales
  • Ce quiz a été pris 56 fois
  • Le résultat moyen est 8 sur 12
Réponses sur la Carte
Les réponses sont colorées sur une échelle allant du rouge au vert en fonction du pourcentage des utilisateurs qui les ont devinées à leur premier essai. Vous pouvez retrouver ces pourcentages ci-dessous.
 
Statistiques - réponses
Commune % Correct
Clisson
97%
Saint-Hilaire-de-Clisson
83%
Saint-Lumine-de-Clisson
79%
Aigrefeuille-sur-Maine
76%
Gétigné
76%
Gorges
72%
Boussay
66%
Maisdon-sur-Sèvre
66%
Monnières
62%
Remouillé
59%
La Planche
52%
Vieillevigne
45%
Aucun quiz correspondant
Distribution des résultats
% des personnes avec chaque résultat
Percentile par nombre de réponses
Votre historique - résultats
Vous n’avez pas pris ce quiz